00544 2200181 4500001002100000005001500021035002000036008004100056245010000097100001800197260004100215300002700256084001800283082000800301650001100309020002200320990002000342INLIS00000000000795120260430025343 a0010-0426000139260430 0 ind 1 aStrategi Bisnis Take Over :bCara Dahsyat Mengambil Ahli & Melipatgandakan Aset /cRiyan Ahdian aAhdian, Riyan aJakarta :bTransMedia Pustaka,c2011 a160 hlm. ;c20 x 14 cm a650 AHD S C.1 a650 4aBisnis a978-979-799-180-7 a260311200011291